| 000 | 00670nam a2200253Ia 4500 | ||
|---|---|---|---|
| 003 | OSt | ||
| 005 | 20220925230629.0 | ||
| 006 | a|||||r|||| 00| 0 | ||
| 007 | ta | ||
| 008 | 220923b |||||||| |||| 00| 0 eng d | ||
| 020 | _a856493792 | ||
| 037 | _cGeneral Book | ||
| 040 |
_aRTL _cRTL _beng |
||
| 041 |
_2eng _aeng |
||
| 082 | _aX:77, N6 | ||
| 100 |
_aWolfe Marshall _9145308 |
||
| 245 | 0 | _aElusive development | |
| 260 |
_aLondon _bZed Books _c1996 |
||
| 300 |
_avi,198p. _ccm. |
||
| 500 | _aBibliography: P 188-191 | ||
| 650 |
_aEconomic Development _917300 |
||
| 942 |
_hX:77, N6 _cGB _2CC |
||
| 999 |
_c586170 _d586170 |
||